Państwa z największą oczekiwaną długością życia z wyjątkami - Statystyki

Ogólne statystyki
  • Ten quiz został rozwiązany 158 razy
  • Średni wynik to 10 z 18
Statystyki odpowiedzi
Lata Rana
na świecie
Kraj % Poprawnych
85.5 2 Japonia
95%
80.1 33 Stany Zjednoczone
87%
82.0 15 Kanada
78%
82.5 10 Korea Południowa
77%
82.4 11 Australia
71%
85.5 2 Singapur
60%
81.4 22 Nowa Zelandia
59%
79.0 36 Katar
53%
80.4 32 Tajwan
51%
78.7 42 Zjednoczone Emiraty Arabskie
51%
82.7 7 Izrael
50%
78.3 44 Kuwejt
48%
79.1 34 Bahrajn
43%
79.1 35 Chile
43%
78.9 38 Kuba
33%
79.0 36 Cypr
27%
78.9 38 Panama
22%
78.9 38 Kostaryka
20%
Nie znaleziono quizów pasujących do podanych kryteriów
Rozkład punktacji
Procent ludzi z każdym wynikiem
Percentyl według liczby udzielonych odpowiedzi
Twoja historia wyników
Nie rozwiązałeś tego quizu